000 00610cam a2200193 a 4500
003 CO-ViMGA
008 110705s2008 ag ad r 000 0 spa d
020 _a9789871432288
040 _aCO-ViMGA
_bspa
_cCO-ViMGA
082 0 4 _a150
_bM41
_221
100 1 _aMías, Carlos Daniel
_941
245 1 0 _aQuejas de memoria y deterioro cognitivo leve :
_bconcepto evaluación y prevención
_cCarlos Daniel Mías
250 _a1a ed.
260 _aCórdoba, Argentina
_bEncuentro Grupo Editor
_c2009.
300 _a185 p.
_c23 cm.
650 1 4 _aPsicología
_91603
650 2 4 _aPsicología clínica
_944
942 _2ddc
_cBK
999 _c33545
_d33545